Purple noon /

An adaptation of Patricia Highsmith's novel The Talented Mr. Ripley, this film stars Alain Delon as Tom Ripley, a duplicitous American charmer in Rome on a mission to bring his privileged acquaintance Philippe Greenleaf back to the United States; what initially seems a carefree tale of friendsh...

Full description

Bibliographic Details
Corporate Author: Criterion Collection (Firm)
Other Authors: Clément, René, 1913-1996, Delon, Alain, 1935-, Ronet, Maurice, 1927-1983, Highsmith, Patricia, 1921-1995
Format: Video Blu-ray Disc
Language:French
Language Notes:French dialogue; English subtitles.
Published: [United States] : The Criterion Collection, 2012.
Series:Criterion collection (Blu-ray discs) ; 637.
Subjects:

MARC

Tag First Indicator Second Indicator Subfields
LEADER 00000cgm a2200000Ka 4500
001 in00002784150
005 20151202171700.0
007 vd csaizq
008 121005s2012 xxu118 vlfre d
024 1 |a 715515090117 
028 4 2 |a CC2207BD  |b The Criterion Collection 
035 |a (OCoLC)ocn812040758 
035 |a (OCoLC)812040758 
037 |b Midwest Tape  |n http://www.midwesttapes.com 
040 |a TEFMT  |c TEFMT  |d TEF  |d UtOrBLW 
041 1 |a fre  |j eng  |h fre 
049 |a TXAM 
050 4 |a PN1997  |b .P87 2012 
082 0 4 |a 791.43/72  |2 23 
090 |a PN1997  |b .P875 2012 
245 0 0 |a Purple noon /  |c director, Rene Clement. 
264 1 |a [United States] :  |b The Criterion Collection,  |c 2012. 
300 |a 1 videodisc (118 min.) :  |b sound, color ;  |c 4 3/4 in. +  |e 1 booklet. 
336 |a two-dimensional moving image  |b tdi  |2 rdacontent 
337 |a video  |b v  |2 rdamedia 
338 |a videodisc  |b vd  |2 rdacarrier 
490 1 |a Criterion collection ;  |v 637 
538 |a Blu-ray Disc; widescreen (16x9) presentation; PCM mono.; requires Blu-ray player. 
546 |a French dialogue; English subtitles. 
511 1 |a Alain Delon, Maurice Ronet. 
500 |a Based on the novel "The talented Mr. Ripley" by Patricia Highsmith. 
500 |a Originally released as a motion picture in 1960. 
521 8 |a Rating: Not rated. 
520 |a An adaptation of Patricia Highsmith's novel The Talented Mr. Ripley, this film stars Alain Delon as Tom Ripley, a duplicitous American charmer in Rome on a mission to bring his privileged acquaintance Philippe Greenleaf back to the United States; what initially seems a carefree tale of friendship soon morphs into a thrilling saga of seduction, identity theft, and murder. Bonus features include the original English language trailer, an archival interview with Alain Delon, and more. 
500 |a Special features: New video interview with Rene Clement scholar Denitza Bautcheva; archival interviews with Alain Delon and novelist Patricia Highsmith; original English trailer; booklet. 
500 |a Videorecording. 
650 0 |a Friendship  |v Drama. 
650 0 |a Identity theft  |v Drama. 
650 0 |a Murder  |v Drama. 
655 7 |a Thrillers (Motion pictures)  |2 lcgft 
655 7 |a Feature films.  |2 lcgft 
655 7 |a Fiction films.  |2 lcgft 
700 1 |a Clément, René,  |d 1913-1996. 
700 1 |a Delon, Alain,  |d 1935- 
700 1 |a Ronet, Maurice,  |d 1927-1983. 
700 1 |a Highsmith, Patricia,  |d 1921-1995.  |t Talented Mr. Ripley. 
710 2 |a Criterion Collection (Firm) 
830 0 |a Criterion collection (Blu-ray discs) ;  |v 637. 
994 |a C0  |b TXA 
948 |a cataloged  |b h  |c 2012/12/19  |d c  |e blrosas  |f 10:14:10 am 
999 |a MARS 
999 f f |s 1d530d35-cdd4-3c27-b790-78f9f68ffc9f  |i 64d0988a-d3fb-3c56-a1f0-e1433192da37  |t 0 
952 f f |p dvd  |a Texas A&M University  |b College Station  |c Sterling C. Evans Library  |d Evans: Media and Reserves (Annex 1st floor)  |t 0  |e PN1997 .P875 2012  |h Library of Congress classification  |i video -- videodisc  |m A14841655447 
998 f f |a PN1997 .P875 2012  |t 0  |l Evans: Media and Reserves (Annex 1st floor)